000 00460nam a2200169 i 4500
001 29326
003 ES-MaACL
005 20230906154019.0
007 t|
008 030121s1972 sp ||||1| spa d
100 1 _aBallester Escalas, R.
_925014
245 1 0 _aHistoria de los Papas /
_cR. Ballester Escalas.
250 _a[1ยช ed.].
260 _aBarcelona, etc. :
_bBruguera,
_c[1972]
300 _a222 p. ;
_c18 cm.
852 _aES-MaACL
_jC-43872
_bR.82748
999 _c29326
_d29326